An invitation to sue (Record no. 66629)

MARC details
000 -LEADER
fixed length control field 01265cam a2200217 4500
001 - CONTROL NUMBER
control field ABS63631
008 - FIXED-LENGTH DATA ELEMENTS--GENERAL INFORMATION
fixed length control field 000000n2001 000 0 eng u
035 ## - SYSTEM CONTROL NUMBER
System control number (Sirsi) u111821
100 ## - MAIN ENTRY--PERSONAL NAME
Personal name Klein, R.
245 #3 - TITLE STATEMENT
Title An invitation to sue
260 ## - PUBLICATION, DISTRIBUTION, ETC.
Date of publication, distribution, etc. 2001
490 ## - SERIES STATEMENT
Series statement Building
Volume/sequential designation 266(8178) 30 March 2001, 51(1)
520 ## - SUMMARY, ETC.
Summary, etc. Discusses warranties that are provided by contractors and consultants. Suggests these are costly and dangerous, often containing risks not obvious to the parties involved. The signing of a warranty often involves taking costly advice about its meaning. Criticises the absence of a quid pro quo within most warranties. Offers two proposals to improve the current situation. Firstly, suggests it should be a condition of warranties that all outstanding payments to warrantors should have been 'fully discharged'. Secondly, that warrantors should make efforts to assign a proper price on the warranty obligations, and this price should be identified separately. Offers a reminder that warranties are not a requirement.
590 ## - LOCAL NOTE (RLIN)
Local note ABS
650 ## - SUBJECT ADDED ENTRY--TOPICAL TERM
Topical term or geographic name entry element WARRANTIES
650 ## - SUBJECT ADDED ENTRY--TOPICAL TERM
Topical term or geographic name entry element BUILT ENVIRONMENT-BUILDING CONTRACT FORMS
650 ## - SUBJECT ADDED ENTRY--TOPICAL TERM
Topical term or geographic name entry element CONTRACT CLAIMS
650 ## - SUBJECT ADDED ENTRY--TOPICAL TERM
Topical term or geographic name entry element BREACH OF CONTRACT
690 ## - LOCAL SUBJECT ADDED ENTRY--TOPICAL TERM (OCLC, RLIN)
Topical term or geographic name as entry element BUILT ENVIRONMENT
942 ## - ADDED ENTRY ELEMENTS (KOHA)
Suppress in OPAC 0
Holdings
Withdrawn status Lost status Source of classification or shelving scheme Damaged status Not for loan Home library Current library Shelving location Date acquired Total Checkouts Full call number Barcode Date last seen Copy number Price effective from Koha item type
    Dewey Decimal Classification     London London Journal article 04/04/2001   ABS63631 111821-1001 06/08/2019 1 06/08/2019 Journal article